|
|
|
|
| LEADER |
00000nam a2200000 a 4500 |
| 001 |
vtls008372329 |
| 003 |
SK-MaSNL |
| 005 |
20260301123430.0 |
| 008 |
251001s1922 xo g 000 d slo |
| 015 |
|
|
|a SNBA19191938-003047
|
| 020 |
|
|
|q (brož.)
|
| 035 |
|
|
|a SK01SNKBSKHR20010064546
|
| 035 |
|
|
|a urn:nbn:sk:snk-am3hq3s
|
| 035 |
|
|
|a AFA382A0-F0CA-4DB3-924C-D5F43DF67BCF
|
| 035 |
|
|
|a urn:nbn:sk:snk-am00ctit
|
| 035 |
|
|
|a SKM000067009
|
| 040 |
|
|
|a SNK
|b slo
|c SNK
|e AACR2
|
| 041 |
0 |
|
|a slo
|
| 044 |
|
|
|a xo
|c SK
|
| 072 |
|
7 |
|a 821.162.4-2
|x Slovenská dráma
|2 konspekt
|
| 080 |
|
|
|a 885.4-2
|2 1981
|
| 080 |
|
|
|a 821.162.4-2
|2 2011
|
| 080 |
|
|
|a (0:82-2)
|2 2011
|
| 100 |
1 |
|
|a Grebáč-Orlov, Ignác,
|d 1888-1957
|4 aut
|9 134933
|
| 245 |
1 |
0 |
|a Ruth
|b biblická hra v troch obrazoch s premenou
|c I. Gr. Orlov
|
| 260 |
|
|
|a Ružomberok
|b Lev
|c 1922
|e Ružomberok
|f Lev
|
| 300 |
|
|
|a 61 s.
|c 15 cm
|
| 490 |
1 |
|
|a Ľudové divadlo
|v zv. 19
|
| 655 |
|
7 |
|a slovenské drámy
|2 SNKPH
|9 70606
|
| 655 |
|
7 |
|a Slovak drama
|2 SNKPHeng
|9 278335
|
| 655 |
|
7 |
|a divadelné hry
|2 SNKPH
|9 70577
|
| 655 |
|
7 |
|a Theatre plays
|2 SNKPHeng
|9 278336
|
| 830 |
|
0 |
|a Ľudové divadlo
|9 308850
|
| 852 |
|
|
|a Slovenská národná knižnica
|
| 954 |
|
|
|a beletria pôvodná (slovenská)
|2 lita
|
| 958 |
|
|
|a EUIPO
|
| 958 |
|
|
|a OND
|
| 958 |
|
|
|a TL
|
| 958 |
|
|
|a LX
|
| 999 |
|
|
|c 736201
|d 738131
|
| 952 |
|
|
|a SNK
|b SNK
|y PREZ
|7 0
|p 17A0400059
|o snkSE 92/19
|i snk559/28
|0 0
|1 0
|4 0
|d 2003-10-08
|f 1
|l 0
|r 2005-01-02 00:00:00
|w 2026-02-23
|